书目信息 |
| 题名: |
方铁学术文选
|
|
| 作者: | 方铁 著 | |
| 分册: | ||
| 出版信息: | 昆明 云南大学出版社 2014 |
|
| 页数: | 325页 | |
| 开本: | 24cm | |
| 丛书名: | 云南文库·学术名家文丛 | |
| 单 册: | ||
| 中图分类: | K928.1-53 | |
| 科图分类: | ||
| 主题词: | 边疆地区--中国--文集 | |
| 电子资源: | ||
| ISBN: | 978-7-5482-1861-6 | |
| 000 | 00874oam2 2200253 450 | |
| 001 | 012001003202 | |
| 005 | 20140926114740.0 | |
| 010 | @a978-7-5482-1861-6@dCNY63.00 | |
| 100 | @a20151104d2014 em y0chiy50 ea | |
| 101 | 0 | @achi |
| 102 | @aCN@b530000 | |
| 105 | @aa z 000yy | |
| 106 | @ar | |
| 200 | 1 | @a方铁学术文选@9fang tie xue shu wen xuan@b专著@f方铁著 |
| 210 | @a昆明@c云南大学出版社@c云南人民出版社@d2014 | |
| 215 | @a325页@c照片@d24cm | |
| 225 | 1 | @a云南文库·学术名家文丛@f张瑞才主编 |
| 330 | @a本书研究了中国古代的边疆治理以及若干边疆史地问题,共分四部分内容,包括边疆学与边疆治理、治边思想与治策、边疆民族史和边疆开发史。 | |
| 461 | 0 | @12001 @a云南文库·学术名家文丛 |
| 606 | 0 | @a边疆地区@y中国@j文集 |
| 690 | @aK928.1-53@v5 | |
| 701 | 0 | @a方铁@9fang tie@f(1949.3-)@4著 |
| 801 | 0 | @aCN@b上海新华@c20180901 |
| 905 | @b1159212-6@dK928.1-53@e1108@f5 | |
| 方铁学术文选/方铁著.-昆明:云南大学出版社:云南人民出版社,2014 |
| 325页:照片;24cm.-(云南文库·学术名家文丛/张瑞才主编) |
| ISBN 978-7-5482-1861-6:CNY63.00 |
| 本书研究了中国古代的边疆治理以及若干边疆史地问题,共分四部分内容,包括边疆学与边疆治理、治边思想与治策、边疆民族史和边疆开发史。 |
| ● |
| 相关链接 |
|
|
|
|
正题名:方铁学术文选
索取号:K928.1-53/1108
 
预约/预借
| 序号 | 登录号 | 条形码 | 馆藏地/架位号 | 状态 | 备注 |
| 1 | 1159212 | 211592123 | 第二样本阅览室/ [索取号:K928.1-53/1108] | 在馆 | |
| 2 | 1159213 | 211592132 | 第二借阅区/ [索取号:K928.1-53/1108] | 在馆 | |
| 3 | 1159214 | 211592141 | 密集书库-史法系/ [索取号:K928.1-53/1108] | 在馆 | |
| 4 | 1159215 | 211592150 | 第二借阅区/ [索取号:K928.1-53/1108] | 在馆 | |
| 5 | 1159216 | 211592169 | 第二借阅区/ [索取号:K928.1-53/1108] | 在馆 |